| 000 | 00526nam a2200205Ia 4500 | ||
|---|---|---|---|
| 008 | 160319s9999 xx 000 0 und d | ||
| 245 | _aFavourite Tales Rumpelstiltskin / | ||
| 260 | _bParragon. | ||
| 260 | _c2000 | ||
| 300 | _bsound, colored ; | ||
| 300 | _c4 3/4 in. | ||
| 650 | _aDeception -- | ||
| 650 | _aDeception. | ||
| 650 | _aFathers and daughters -- | ||
| 650 | _aFathers and daughters. | ||
| 650 | _aGold -- | ||
| 650 | _xJuvenile drama. | ||
| 650 | _xJuvenile drama. | ||
| 650 | _xJuvenile drama. | ||
| 999 |
_c292702 _d292702 |
||